| 000 | 00967nam a22002655a 4500 | ||
|---|---|---|---|
| 003 | OSt | ||
| 005 | 20171106113458.0 | ||
| 008 | 161120s2013 ua frb 000 0 ara d | ||
| 020 | _a9789770473778 | ||
| 040 |
_aEG-ScBUE _bara _cEG-ScBUE |
||
| 043 | _af-ua--- | ||
| 082 | 0 | 4 |
_a345.62056 _bع ب د _222 |
| 100 | 1 | _aعبد الظاهر، أحمد. | |
| 245 | 1 | 0 |
_aاستيقاف الأشخاص في قانون الإجراءات الجنائية / _cأحمد عبد الظاهر. |
| 250 | _aط. 2. | ||
| 260 |
_aالقاهرة : _bدار النهضة العربية، _c2013. |
||
| 300 |
_a367 ص. ؛ _c24 سم. |
||
| 504 | _aيشتمل على إرجاعات ببليوجرافية. | ||
| 650 | 7 |
_aقانون الإجراءات الجنائية _zمصر. _2BUEsh _941140 |
|
| 650 | 7 |
_aالتحقيق الجنائي _zمصر. _2BUEsh |
|
| 650 | 7 |
_a التفتيش الجنائي _zمصر. _2BUEsh |
|
| 651 | _2BUEsh | ||
| 653 |
_bLLAAWW _cFebruary2017 |
||
| 942 | _2ddc | ||
| 999 |
_c24214 _d24186 |
||